Statistics for Times Tables - 3x

Click here to take the quiz!

General Stats

  • This quiz has been taken 65 times
  • The average score is 12 of 12

Answer Stats

EquationAnswer% Correct
6x318
100%
1x33
100%
3x39
100%
2x36
98%
4x312
97%
5x315
97%
8x324
97%
9x327
97%
10x330
97%
11x333
97%
12x336
97%
7x321
95%

Score Distribution

Percentile by Number Answered

Percent of People with Each Score

Your Score History

You have not taken this quiz